000
00257nam a22001217a 4500
008
190227b xxu||||| |||| 00| 0 eng d
041
_a
eng
080
_2
12th
_a
618
100
_a
10
101
_a
GJIN
245
_a
Gynecology
_c
Berek,J.S
942
_2
udc
_c
BK
999
_c
54330
_d
54330